[Event "Llinars del Valles op-B 8th"]
[Site "Llinars del Valles"]
[Date "2015.05.16"]
[Round "6"]
[White "Farnos Clemente, Roc"]
[Black "Gomez Serra, Guillem"]
[Result "0-1"]
[WhiteElo "1519"]
[BlackElo "1702"]
[PlyCount "70"]
[EventDate "2015.04.11"]
[EventType "swiss"]
[EventRounds "9"]
[EventCountry "ESP"]
[SourceTitle "EXT 2016"]
[Source "ChessBase"]
[SourceDate "2015.10.08"]
[SourceVersion "1"]
[SourceVersionDate "2015.10.08"]
[SourceQuality "1"]

1. d4 d5 2. Nf3 Nf6 3. Bg5 Ne4 4. Nc3 Nxg5 5. Nxg5 e5 6. Nf3 e4 7. Ne5 f6 8. Nc4 dxc4 9. e3 Qe7 10. Bxc4 Qb4 11. Bd5 Qxb2 12. Nxe4 Bb4+ 13. Ke2 Bg4+ 14. f3 Bd7 15. Nf2 Bb5+ 16. Nd3 Nd7 17. Kf2 Bxd3 18. Bb3 Bb5 19. Qb1 Qc3 20. Qc1 Nb6 21. Rb1 Nc4 22. Rd1 Ba3 23. Rd3 Qa5 24. Qe1 Bb4 25. c3 Ne5 26. Rdd1 Bxc3 27. Qg1 Nd3+ 28. Kg3 h5 29. h4 g5 30. Qh1 c5 31. Bd5 Qc7+ 32. f4 gxf4+ 33. Kf3 fxe3 34. Qh3 Qf4+ 35. Ke2 Qf2# 0-1

[Event "Llinars del Valles op-B 8th"]
[Site "Llinars del Valles"]
[Date "2015.04.18"]
[Round "2"]
[White "Gomez Serra, Guillem"]
[Black "Ayats Llobera, Quim"]
[Result "0-1"]
[WhiteElo "1702"]
[BlackElo "1781"]
[PlyCount "88"]
[EventDate "2015.04.11"]
[EventType "swiss"]
[EventRounds "9"]
[EventCountry "ESP"]
[SourceTitle "EXT 2016"]
[Source "ChessBase"]
[SourceDate "2015.10.08"]
[SourceVersion "1"]
[SourceVersionDate "2015.10.08"]
[SourceQuality "1"]

1. e4 e6 2. d4 d5 3. Nc3 Bb4 4. Bd3 Nc6 5. Nf3 Nf6 6. 0-0 0-0 7. Bg5 h6 8. Bh4 Bxc3 9. bxc3 g5 10. Bg3 dxe4 11. Bxe4 Nxe4 12. Be5 f6 13. Qd3 f5 14. c4 g4 15. d5 gxf3 16. dxc6 Qxd3 17. cxd3 fxg2 18. Kxg2 Nd6 19. Kh1 bxc6 20. Rg1+ Kf7 21. Rg7+ Ke8 22. Rag1 Bb7 23. c5 Nf7 24. Bxc7 Ba6 25. Bd6 Bxd3 26. Bxf8 Be4+ 27. R1g2 Bxg2+ 28. Kxg2 Kxf8 29. Rg6 Ke7 30. Kf3 Ne5+ 31. Kf4 Nxg6+ 32. Kg3 Rb8 33. h4 a5 34. h5 Ne5 35. Kf4 Kf6 36. a4 Rb4+ 37. Ke3 Rxa4 38. f4 Ng4+ 39. Kd3 Rb4 40. Kc3 Rxf4 41. Kb3 a4+ 42. Kb2 Rb4+ 43. Ka3 Re4 44. Kb2 f4 0-1